000 01328cam a2200265 4500
001 ABS68240
008 040924n2004 000 0 eng u
035 _a(Sirsi) u127518
100 _aEnemark, S.
245 _aCapacity building in land administration - a conceptual approach
260 _c2004
490 _aSurvey Review
_v37(294) October 2004, 639-650(12)
520 _aCapacity building is increasingly seen as a key component of land administration projects in developing countries undertaken by international development banks and individual national development agencies. Argues that capacity building measures should be addressed in the wider context of developing institutional infrastructures for implementing land policies in a sustainable way. Introduces a conceptual analytical framework that provides some guidance when dealing with capacity building for land administration in support of a broader land policy agenda. [Taken from journal abstract].
590 _aABS
590 _aABS
650 _aSUSTAINABLE DEVELOPMENT
650 _aDEVELOPING COUNTRIES
650 _aLAND ADMINISTRATION
650 _aCAPACITY ANALYSIS
650 _aPROFESSIONAL SKILLS
650 _aPROFESSIONAL EDUCATION AND TRAINING
690 _aENVIRONMENT-MANAGEMENT
700 _aWilliamson, I.
942 _n0
999 _c118052
_d118052